| 000 | 01293nab a22002417a 4500 | ||
|---|---|---|---|
| 999 |
_c5924 _d5924 |
||
| 003 | OSt | ||
| 005 | 20260114010145.0 | ||
| 008 | 190605e xxu||||| |||| 00| 0 spa d | ||
| 040 | _cPJ | ||
| 100 |
_96779 _aSwinnen, Sebastián |
||
| 245 | 1 | 0 |
_aNómades digitales : _bderecho migratorio y teletrabajo internacional / _cSebastián Swinnen, Marianne L. Beyer. |
| 260 |
_aCiudad Autónoma de Buenos Aires : _bThomson Reuters La Ley, _c2024. |
||
| 300 | _ap. 84-97 | ||
| 500 | _aCita: TR LALEY AR/DOC/2509/2023. | ||
| 505 | _aSumario: I. Introducción.— II. Concepto.— III. Aspectos del derecho migratorio.— IV. Aporte del derecho internacional privado.— V. Aspectos del Derecho internacional privado del trabajo.— VI. La ley aplicable al contrato internacional de trabajo.— VII. La problemática del lugar de cumplimiento.— VIII. Conclusiones. | ||
| 505 | _t¿Te interesa el texto completo? Solicitalo al correo: koha@justierradelfuego.gov.ar | ||
| 650 | 0 |
_91316 _aDERECHO LABORAL |
|
| 650 | 0 |
_91566 _aOBLIGACIONES DEL TRABAJADOR |
|
| 650 | 0 |
_94478 _aMIGRACIONES |
|
| 700 |
_96780 _aBeyer, Marianne L. |
||
| 773 | 0 |
_02711 _93168 _dCiudad Autónoma de Buenos Aires : Thomson Reuters La Ley, 1999-2002. _tRevista de derecho del trabajo. Nº 1 - Enero 2024 |
|
| 942 |
_2udc _cANA |
||